000 00587nam a2200193 a 4500
003 BD-DhJNU
005 20241201082927.0
008 241101s2023 ii a b 001 0 eng
020 _a9789843390950
040 _aBD-DhJNU
_bENG
_cBD-DhJNU
_dBD-DhJNU
082 0 0 _a737.3 DES
_223
110 1 _aBangladesh National Museum
245 1 0 _aA descriptive catalogue of the gold coins in the Bangladesh National Museum /
_cAlain Stephen
260 _aDhaka :
_bBangladesh National Museum,
_c2023.
300 _a317 p. :
_bill. ;
_c29 cm.
490 _vVol: 15
650 0 _aGold Coins
942 _cBK
999 _c962
_d962